LEADER 02039nam# 22005173i 450 001 VAN0255354 005 20230524104839.778 017 70$2N$a9783642651144 100 $a20230227d1971 |0itac50 ba 101 $aeng 102 $aDE 105 $a|||| ||||| 200 0 $a2. / Siegfried Flügge 210 $aBerlin$cSpringer$d1971 215 $axii, 287 p.$cill.$d24 cm 410 1$1001VAN0024107$12001 $aGrundlehren der mathematischen Wissenschaften$eA series of comprehensive texts in mathematics$1210 $aBerlin [etc.]$cSpringer$v178 461 1$1001VAN0255352$12001 $aPractical Quantum Mechanics$fSiegfried Flügge$1210 $aBerlin$cSpringer$1215 $a2 volumi$cill.$d24 cm$v2 606 $a81-XX$xQuantum theory [MSC 2020]$3VANC019967$2MF 606 $a00A07$xProblem books [MSC 2020]$3VANC021527$2MF 606 $a00A79 (77-XX)$xPhysics [MSC 2020]$3VANC023182$2MF 610 $aAtom$9KW:K 610 $aDirac equations$9KW:K 610 $aElastic scattering$9KW:K 610 $aElectrons$9KW:K 610 $aEquations$9KW:K 610 $aHydrogen atoms$9KW:K 610 $aMathematica$9KW:K 610 $aMechanics$9KW:K 610 $aMolecules$9KW:K 610 $aParticles$9KW:K 610 $aQuantum mechanics$9KW:K 610 $aRadiation$9KW:K 610 $aScattering$9KW:K 610 $aSpin$9KW:K 610 $aWaves$9KW:K 620 $dBerlin$3VANL000066 700 1$aFlügge$bSiegfried$3VANV208372$013356 712 $aSpringer $3VANV108073$4650 801 $aIT$bSOL$c20240614$gRICA 856 4 $uhttps://doi.org/10.1007/978-3-642-65114-4$zE-book ? Accesso al full-text attraverso riconoscimento IP di Ateneo, proxy e/o Shibboleth 899 $aBIBLIOTECA DEL DIPARTIMENTO DI MATEMATICA E FISICA$1IT-CE0120$2VAN08 912 $fN 912 $aVAN0255354 950 $aBIBLIOTECA DEL DIPARTIMENTO DI MATEMATICA E FISICA$d08CONS e-book 5562 $e08eMF5562 20230307 996 $a2.$93358149 997 $aUNICAMPANIA LEADER 01662nam0 22003853i 450 001 VAN00256757 005 20251215091506.515 017 70$2N$a9783642368868 100 $a20230407d2013 |0itac50 ba 101 $aeng 102 $aDE 105 $a|||| ||||| 181 $ai$b e 182 $ab 183 $acr 200 1 $aIon-Selective Electrodes$fKonstantin N. Mikhelson 210 $aHeidelberg$cSpringer$d2013 215 $aX, 162 p.$cill.$d24 cm 410 1$1001VAN00123381$12001 $aLecture Notes in Chemistry$1210 $aCham$cSpringer$d1976-$v81 620 $aDE$dHeidelberg$3VANL000282 676 $a543$cChimica analitica$v22 676 $a541.37$cElettrochimica e magnetochimica$v22 676 $a641$cScienze degli alimenti$v22 702 1$aMikhelson$bKonstantin N.$3VANV210209 712 $aSpringer $3VANV108073$4650 790 1$aMikhelson, K. N.$zMikhelson, Konstantin N.$3VANV210210 790 1$aMikhelson, K.N.$zMikhelson, Konstantin N.$3VANV210211 801 $aIT$bSOL$c20251219$gRICA 856 4 $uhttps://link.springer.com/openurl?genre=book&isbn=978-3-642-36886-8$zE-book - Accesso al full-text attraverso riconoscimento IP di Ateneo, proxy e/o Shibboleth 899 $aBIBLIOTECA DEL DIPARTIMENTO DI SCIENZE E TECNOLOGIE AMBIENTALI BIOLOGICHE E FARMACEUTICHE$1IT-CE0101$2VAN17 912 $fN 912 $aVAN00256757 950 $aBIBLIOTECA DEL DIPARTIMENTO DI SCIENZE E TECNOLOGIE AMBIENTALI BIOLOGICHE E FARMACEUTICHE$d17CONS e-book 2304 $e17BIB2304/159 159 20230407 $sBuono 996 $aIon-selective electrodes$91118030 997 $aUNICAMPANIA